000 01298nam a2200301 a 4500
001 ebr10558802
003 CaPaEBR
006 m u
007 cr cn|||||||||
008 120525s2012 njuad sb 001 0 eng d
020 _z9780470900055
020 _z9781118181492 (e-book)
040 _aCaPaEBR
_cCaPaEBR
035 _a(OCoLC)797823688
050 1 4 _aQC601
_b.A38 2012eb
245 0 0 _aAdvanced circuits for emerging technologies
_h[electronic resource] /
_cedited by Krzysztof Iniewski.
260 _aHoboken, N.J. :
_bJohn Wiley & Sons,
_c2012.
300 _axvi, 615 p. :
_bill.
504 _aIncludes bibliographical references and index.
505 0 _apt. 1. Digital design and power management -- pt. 2. Analog and RF design -- pt. 3. Device layout and reliability -- pt. 4. Circuit testing.
533 _aElectronic reproduction.
_bPalo Alto, Calif. :
_cebrary,
_d2011.
_nAvailable via World Wide Web.
_nAccess may be limited to ebrary affiliated libraries.
650 0 _aElectric circuits.
650 0 _aTechnological innovations.
655 7 _aElectronic books.
_2local
700 1 _aIniewski, Krzysztof.
710 2 _aebrary, Inc.
856 4 0 _uhttp://site.ebrary.com/lib/rucke/Doc?id=10558802
_zAn electronic book accessible through the World Wide Web; click to view
999 _c88420
_d88420